[Event "Reunion op 18th"]
[Site "St Denis"]
[Date "2016.10.13"]
[Round "6"]
[White "Alex Geerjanan, Nils"]
[Black "Turpin, Noah"]
[Result "1-0"]
[WhiteElo "1070"]
[BlackElo "1099"]
[PlyCount "83"]
[EventDate "2016.10.10"]
[EventType "swiss"]
[EventRounds "7"]
[EventCountry "RUF"]
[SourceTitle "CBM 175 Extra"]
[Source "ChessBase"]
[SourceDate "2016.12.12"]
[SourceVersion "1"]
[SourceVersionDate "2016.12.12"]
[SourceQuality "1"]

1. e4 e5 2. Nf3 Nc6 3. Bc4 Bc5 4. c3 Nf6 5. d4 Bb6 6. Nbd2 exd4 7. cxd4 Nxd4 8. Nxd4 Bxd4 9. Nf3 Bc5 10. h3 Nxe4 11. Qe2 Qe7 12. Bd3 d5 13. Ng5 Nxg5 14. Qxe7+ Bxe7 15. Bxg5 Bxg5 16. f3 Bf6 17. 0-0 g6 18. Be2 Bxb2 19. Rab1 Bd4+ 20. Kh1 b6 21. Bb5+ Kf8 22. Bc6 Rb8 23. Rbd1 Bf6 24. Bxd5 Ba6 25. Rfe1 Rd8 26. Bb3 Rxd1 27. Rxd1 Kg7 28. Rd7 Rc8 29. Rxf7+ Kg8 30. Rxc7+ Kf8 31. Rxc8+ Ke7 32. Rc7+ Kd6 33. Rxa7 Bd4 34. Ra8 b5 35. Rd8+ Kc5 36. Rd5+ Kb4 37. Rxd4+ Kc3 38. Rd5 b4 39. g4 Kb2 40. f4 Kc3 41. h4 h6 42. f5 1-0

[Event "Reunion op 18th"]
[Site "St Denis"]
[Date "2016.10.11"]
[Round "2"]
[White "Sandjivy, Jean Marc"]
[Black "Turpin, Noah"]
[Result "1-0"]
[WhiteElo "1308"]
[BlackElo "1099"]
[PlyCount "65"]
[EventDate "2016.10.10"]
[EventType "swiss"]
[EventRounds "7"]
[EventCountry "RUF"]
[SourceTitle "CBM 175 Extra"]
[Source "ChessBase"]
[SourceDate "2016.12.12"]
[SourceVersion "1"]
[SourceVersionDate "2016.12.12"]
[SourceQuality "1"]

1. c4 e5 2. Nc3 Nc6 3. e3 Nf6 4. d4 d6 5. d5 Ne7 6. Qc2 Bf5 7. e4 Bg4 8. Bg5 h6 9. Bxf6 gxf6 10. Qb3 Qb8 11. Qa4+ c6 12. dxc6 bxc6 13. Qa3 Ng6 14. Rb1 c5 15. Nd5 Bg7 16. Qa4+ Bd7 17. Qa5 a6 18. Nc7+ Kf8 19. Nxa8 Qxa8 20. Qc7 Qxe4+ 21. Be2 Qxb1+ 22. Bd1 Qe4+ 23. Ne2 Qxg2 24. Rf1 Qxh2 25. Nc3 Nf4 26. Bf3 f5 27. Rh1 Qxh1+ 28. Bxh1 h5 29. Bc6 Bxc6 30. Qxc6 Ke7 31. Nd5+ Kd8 32. Qc7+ Ke8 33. Qe7# 1-0

[Event "Reunion op 18th"]
[Site "St Denis"]
[Date "2016.10.11"]
[Round "3"]
[White "Turpin, Noah"]
[Black "Payet, Quentin"]
[Result "1-0"]
[WhiteElo "1099"]
[BlackElo "1199"]
[PlyCount "27"]
[EventDate "2016.10.10"]
[EventType "swiss"]
[EventRounds "7"]
[EventCountry "RUF"]
[SourceTitle "CBM 175 Extra"]
[Source "ChessBase"]
[SourceDate "2016.12.12"]
[SourceVersion "1"]
[SourceVersionDate "2016.12.12"]
[SourceQuality "1"]

1. e4 e5 2. Nf3 Nc6 3. Nc3 Nf6 4. Bc4 Bc5 5. Ng5 0-0 6. 0-0 Re8 7. Bxf7+ Kh8 8. Bxe8 Nxe8 9. d3 Nd4 10. Nf7+ Kg8 11. Nxd8 d6 12. Nd5 Bd7 13. Ne7+ Kh8 14. Nf7# 1-0